000 00574nam a2200193Ia 4500
003 GCL
008 140319s9999 xx 000 0 ara d
040 _aGCL /
_cGCL
082 0 4 _a813.03
_bم ز
100 1 _aمختار السويفى
245 1 0 _aزرع النوى /
_cمختار السويفى
260 _a[S.N] :
_bالهيئة المصرية العامة للكتاب ،
_c1994
300 _a217 ص
490 _aسلسلة ادب العرب
_v0
650 0 4 _aالادب العربى
650 0 4 _aقصص الحرب
650 0 4 _aالقصص
942 _2ddc
_cBK
999 _c33347
_d33347